| 000 | 00411nam a2200181Ia 4500 | ||
|---|---|---|---|
| 003 | OSt | ||
| 005 | 20250924175909.0 | ||
| 008 | 210423s2005 xx 000 0 und d | ||
| 040 | _cAL | ||
| 041 | _aEnglish | ||
| 082 |
_a303.6 _bSHAC |
||
| 100 |
_aUrsula Sharma _9118911 |
||
| 245 | _aCaste | ||
| 260 |
_aNew Delhi _bViva Books Pvt Ltd _c2005 |
||
| 365 |
_b135 _cINR |
||
| 906 | _aCaste. | ||
| 942 |
_2ddc _cBK |
||
| 999 |
_c174791 _d174791 |
||